Quizzes
Events
Quiz Creation
Community
Videos
Private Events
Remove Ads
Sign In
Join for FREE
Feedback
Dark Mode
Quiz Categories
Sports
Geography
Music
Movies
Television
Just For Fun
Miscellaneous
History
Literature
Language
Science
Gaming
Entertainment
Religion
Holiday
For Kids
Quiz Lab
Recent
Popular Today
Quiz Kudos Today
Editor Picks
Curator Picks
Quizzes by...
Day
Popularity
Type
Ratings
Length
Year
Community
Subscriptions
Recent Discussions
Orange Saloon
Badges
Playlists
Quests
Create
Leaderboards
Showdown
Live 5
Trivia Bingo
Activity
Puzzle Library
Sporcle Events
Private Events
Virtual Trivia
Globe League
Become a Host
Pub Owners
SporcleCon
Opinionation
Our Games
Videos
Blog
Mobile Apps
Partnerships
Remove Ads and Go Orange
Feedback
Miscellaneous
Crossword
General Knowledge
Baby Names
Logo
Food
Cars
Numbers
Grab Bag
University
College
Popular
Company
Slogans
Restaurants
Justice
Letter
Miscellaneous
Crossword
General Knowledge
Baby Names
Logo
Food
Cars
Numbers
Grab Bag
University
College
Popular
Company
Slogans
Restaurants
Justice
Letter
Random Quiz
Search Sporcle
×
Quiz Lab
Quiz Lab
Miscellaneous
phrase
Type in answers that appear in a list
Type in answers that appear in a list
Classic
Best Score? Go Orange.
X to Y Stats
Can you name the Phrases Containing 'X to Y'?
By
Chameleon
5m
40 Questions
25 Plays
25 Plays
25 Plays
Comments
Comments
Give Quiz Kudos
Give Quiz Kudos
-
- Ratings
hide this ad
More Info
Forced Order
Answers have to be entered in order
Answers have to be entered in order
Replay
Link that replays current quiz
Next Quiz
Link to next quiz in quiz playlist
You Got
0%
They Got
Avg Score
47%
Avg Friend Score
Upgrade to see
Score Distribution
Jump to the score distribution portion of the page
Score
0/40
Timer
05:00
0
Plays Today
Hint
X to Y
% Correct
1953 movie starring Frank Sinatra set in Hawaii. From...
Here
92%
To...
Eternity
80%
Life Cycle. From...
Cradle
72%
To...
Grave
72%
Sunrise to Sunset. From...
Dawn
68%
Poverty to Wealth. From...
Rags
68%
To...
Dusk
68%
To...
Riches
68%
Performance measure for automotive acceleration. From...
Nought
64%
Start to Finish. From...
Beginning
64%
To...
Sixty
64%
To...
End
64%
To become even more difficult or unpleasant From...
Bad
56%
Line from America the beautiful. From...
Sea
56%
To...
Worse
56%
To...
Shining Sea
52%
To become very popular after being unpopular. From...
Zero
44%
Once in a while/
Occasionally. From...
Time
44%
To...
Hero
44%
To...
Time
44%
Hint
X to Y
% Correct
Reversed
Back
44%
To...
Front
44%
To continue to get stronger. From...
Strength
40%
To...
Strength
40%
From something that is very good or very serious to something very bad or silly. From...
The Sublime
36%
Lengthways. From...
End
36%
All parts of something (as in searching). From...
Top
36%
To...
The Ridiculous
36%
To...
End
36%
To...
Bottom
36%
Great things may come from small beginnings. From...
Little Acorns
32%
On a routine basis.From...
Day
32%
To...
Mighty Oaks
32%
To...
Day
32%
To...
Back
32%
Consecutive/
Facing in opposite directions
Back
32%
An intimate talk in private. A...
Heart
24%
To...
Heart
24%
From an idea to practicality. From...
Dreams
16%
To...
Reality
16%
Quiz Playlist
Details
Report
Send in Message
Add To Playlist
More Info:
Enter the words missing in the phrases eg."A to B"
Classic:
Type in answers that appear in a list
Forced Order:
Answers have to be entered in order
Last Updated: Feb 16, 2017
Quiz Scoreboard
CHALLENGE
Sign Up to Join the Scoreboard
Show All
Scores
Hide
Comments
May contain spoilers
Recently Published
College Basketball Coaching Resumes
by pancakes188
Sports
9m
Billboard Blitz: Fleetwood Mac
by CooCooCachoo
Music
15s
Presidents Visiting Landmarks
by Hejman
History
7m
More to Explore
Quiz From the Vault
Featured Blog Post
Where Did the Easter Bunny Come From?
hide this ad
You Might Also Like...
Tags
phrase
Today's Top Quizzes in Miscellaneous
Browse Miscellaneous
hide this ad
Today's Top Quizzes in phrase
Browse phrase
Top Contributed Quizzes in Miscellaneous
1
5-to-1: Fast Food
2
The JOE quick-fire general knowledge quiz: Day 174
3
The JOE quick-fire general knowledge quiz: Day 173
4
5-to-1: Cocktails
5
The JOE quick-fire general knowledge quiz: Day 172
6
Sunday Crossword: Famous Bodies of Water
7
The JOE quick-fire general knowledge quiz: Day 171
8
One Thing in Common: United Kingdom II
9
Named After an Animal - Odd One Out!
10
The JOE quick-fire quiz: Day 170
Explore More
Trending Topics
Anime
Crossword
Marvel
Disney
Harry Potter
NBA
Kpop
The Office
Puzzle
WWE
Soccer
Song
Country
NFL
Pokémon
hide this ad
More By:
Chameleon
Quiz
Plays
Rating
Category
Featured
Created
Food in Other Words
33,568
4.43
Language
May 27, 2015
Correct Title of Literary Works
25,952
4.75
Literature
Feb 13, 2019
Classic Board Games Reviews
23,760
4.61
Gaming
Jan 17, 2018
Word Ladder: Indiana Jones
19,883
4.43
Just For Fun
May 18, 2013
It's a No-No!
19,096
4.52
Language
Aug 31, 2019
Go to Creator's Profile
Score Distribution
Quiz Creator Spotlight
Chameleon
Follow
Send a Message
Quizzes Created
-
Created Quiz Play Count
-
More By This Creator
Popular Quizzes Today
1
Find the US States - No Outlines Minefield
2
Find the Countries of Europe - No Outlines Minefield
3
The Countries of the World
4
Find the US States
5
Risky Map Clicking: Biggest States A-Z
6
US States
7
Popular People in 1961
8
Movies - When Are They Set?
More Miscellaneous Quizzes
University Crossword #1
Quiz Lab
Trending Quizzes
Risky Map Clicking: Least Populous States A-Z
1-10 Letter G Words
1-10 Letter F Words
Risky Map Clicking: Next State Alphabetically
Click the Washington State Counties! (Map)
Recently Updated
Leaping Animals
pecheneg
Reality TV Shows (A-Z)
bhenderson79
Rickey Henderson's Hall of Fame Teammates
pecheneg
Champions League XIs: Arsenal
pecheneg
Quick Pick: Celebrities in WWE's Hall of Fame
aduchscher
A-Z Keypad Blitz II
pecheneg
Multiple Oscar Actors
pecheneg
Mystery Phrase Blitz: Oscar 'Best Actors'
pecheneg
F. Scott Fitzgerald Novels
LTH
Pick 3 Villains
ddd62291
Trending Topics
Anime
Marvel
Disney
Kpop
Harry Potter
NBA
Crossword
Song
NFL
Pokémon
WWE
The Office
Soccer
Puzzle
Country
Your Account Isn't Verified!
In order to create a playlist on Sporcle, you need to verify the email address you used during registration. Go to your
Sporcle Settings
to finish the process.
Report this User
Report this user for behavior that violates our
Community Guidelines
.
Details:
Send Report
Go to the Sporcle.com Mobile Site →
Comments